MARC

LEADER 00000nas a22000007i 4500
001 ssj0001454064
003 WaSeSS
005 20200512172242.0
006 m d
007 cr n
008 140723c20089999nyuqr p s 0 a0eng
010 |a  2014202926 
022 |a 2374-0434  |y 1937-7991 
035 |a (WaSeSS)ssj0001454064 
037 |b Nova Science Publishers, 400 Oser Ave, Ste. 1600, Hauppauge, NY 11788-3619 
040 |a DLC  |b eng  |c DLC  |d OCLCO  |d COO  |d CUS  |d AU@  |d WaSeSS 
042 |a pcc  |a nsdp 
050 0 0 |a TD196.P4  |b A3 
082 1 0 |a 628  |2 14 
210 0 |a Adv. sustain. pet. eng. sci.  |b (Online) 
222 0 |a Advances in sustainable petroleum engineering science  |b (Online) 
245 0 0 |a Advances in sustainable petroleum engineering science  |h [electronic resource]. 
246 1 3 |a ASPES 
260 |a Hauppauge, NY :  |b Nova Science Publishers,  |c 2008- 
310 |a Quarterly 
362 1 |a Began with v. 1, no. 1 (2008). 
506 |a License restrictions may limit access. 
588 |a Description based on: Vol. 1, no. 1 (2008); title PDF cover image (Nova Science website, viewed on July 23, 2014). 
588 |a Latest issue consulted: Vol. 6, issue 3 (viewed on July 23, 2014). 
650 0 |a Petroleum products  |x Environmental aspects  |v Periodicals. 
650 0 |a Environmental engineering  |v Periodicals. 
650 0 |a Sustainable development  |v Periodicals. 
650 0 |a Petroleum pipelines  |x Fluid dynamics  |v Periodicals. 
650 7 |a Environmental engineering.  |2 fast  |0 (OCoLC)fst00912934 
650 7 |a Petroleum pipelines  |x Fluid dynamics.  |2 fast  |0 (OCoLC)fst01059706 
650 7 |a Petroleum products  |x Environmental aspects.  |2 fast  |0 (OCoLC)fst01059738 
650 7 |a Sustainable development.  |2 fast  |0 (OCoLC)fst01139731 
655 0 |a Electronic journals. 
710 2 |a Nova Science Publishers. 
776 0 8 |i Print version:  |t Advances in sustainable petroleum engineering science  |x 1937-7991  |w (DLC) 2008213683  |w (OCoLC)232955819 
856 4 0 |z Full text available from Research Library: 04/01/2011 to 10/31/2014  |u https://search.proquest.com/publication/2034893